| 000 | 00872nam a2200253 a 4500 | ||
|---|---|---|---|
| 005 | 20160303132201.0 | ||
| 008 | 140307s2002 ck a fr|||| 000 0 spa d | ||
| 040 |
_aCO-BoIAVH _cCO-BoIAVH |
||
| 041 | 0 | _aspa | |
| 044 | _ack | ||
| 082 | 0 | 4 |
_a388 _bC82e |
| 110 | 2 | _bCorporación Autónoma Regional del Río Grande de la Magdalena | |
| 245 | 1 | 0 |
_aEstudio de demanda y plan para la recuperación del transporte fluvial en el río Magdalena : _bResumen ejecutivo |
| 260 |
_aBogotá : _bCORMAGDALENA, _c2002. |
||
| 300 |
_a96 páginas : _bIlustraciones ; _c28 x 21 cm. |
||
| 490 | _aObra en marcha | ||
| 500 | _aIncluye glosario técnico. | ||
| 504 | _aIncluye referencias bibliográficas. | ||
| 650 | 1 | 6 | _aTransporte fluvial |
| 650 | 2 | 6 | _aRíos |
| 650 | 2 | 6 | _aTransporte de carga |
| 662 |
_aColombia _cRío Magdalena |
||
| 942 |
_cLIBRO _2ddc |
||
| 999 |
_c2948 _d2948 |
||